Robert Mugabe / (Record no. 771099)
[ view plain ]
| 000 -LEADER | |
|---|---|
| fixed length control field | 01299nam a22002777b 4500 |
| 005 - DATE AND TIME OF LATEST TRANSACTION | |
| control field | 20241126121915.0 |
| 008 - FIXED-LENGTH DATA ELEMENTS--GENERAL INFORMATION | |
| fixed length control field | 241126b sa ||||| |||| 00| 0 eng d |
| 020 ## - INTERNATIONAL STANDARD BOOK NUMBER | |
| International Standard Book Number | <a href="9781770088825">9781770088825</a> |
| Qualifying information | (hbk) |
| 040 ## - CATALOGING SOURCE | |
| Original cataloging agency | RDA |
| Transcribing agency | 3228 |
| 041 ## - LANGUAGE CODE | |
| Language | English |
| 082 ## - DEWEY DECIMAL CLASSIFICATION NUMBER | |
| Classification number | J 920 MUGA |
| 942 ## - ADDED ENTRY ELEMENTS | |
| Creator ID | 395 |
| Creator Name | Kholofelo Moabelo |
| Modifier ID | 395 |
| Modifier Name | Kholofelo Moabelo |
| 100 ## - MAIN ENTRY--PERSONAL NAME | |
| Personal name | Prof. Motshekga, Mathole and Lee, Donvé |
| 245 ## - TITLE STATEMENT | |
| Title | Robert Mugabe / |
| Statement of responsibility, etc. | Prof. Mathole Motshekga and Donvé Lee |
| 260 ## - PUBLICATION, DISTRIBUTION, ETC. | |
| Place of publication, distribution, etc. | South African : |
| Name of publisher, distributor, etc. | Awareness ; |
| Date of publication, distribution, etc. | 2017. |
| 300 ## - PHYSICAL DESCRIPTION | |
| Extent | 51 pages : |
| Other physical details | some colour illustrations ; |
| Dimensions | 22 cm. |
| 490 ## - SERIES STATEMENT | |
| Series statement | African Freedom Fighters |
| International Standard Serial Number | 9781770088801 |
| 500 ## - GENERAL NOTE | |
| General note | Part of a series that profiles prominent African freedom fighters, including Sam Nujoma, Jomo Kenyatta, Seretse Khama, Kwame Nkrumah, Julius Nyerere, Samora Machel, Nelson Mandela, Kenneth Kaunda, and Haile Selassie. Includes a glossary and illustrations for younger readers. |
| 504 ## - BIBLIOGRAPHY, ETC. NOTE | |
| Linkage | Includes index. |
| 650 ## - SUBJECT ADDED ENTRY--TOPICAL TERM | |
| Source of heading or term | African history |
| General subdivision | Robert Mugabe |
| -- | Biography |
| -- | Politics and government |
| -- | Zimbabwe |
| -- | 20th century |
| -- | Mugabe, Robert, 1924-2019 |
| -- | Liberation movements |
| 9 (RLIN) | 191191 |
| Form subdivision | African freedom fighters |
| 700 ## - ADDED ENTRY--PERSONAL NAME | |
| Personal name | Prof. Motshekga, Mathole and Lee, Donve |
| Relator term | author |
| 9 (RLIN) | 191192 |
| 942 ## - ADDED ENTRY ELEMENTS | |
| Source of classification or shelving scheme | Dewey Decimal Classification |
| 942 ## - ADDED ENTRY ELEMENTS | |
| Source of classification or shelving scheme | Dewey Decimal Classification |
| 942 ## - ADDED ENTRY ELEMENTS | |
| Source of classification or shelving scheme | Dewey Decimal Classification |
| 942 ## - ADDED ENTRY ELEMENTS | |
| Source of classification or shelving scheme | Dewey Decimal Classification |
| item type | Book |
| Withdrawn status | Lost status | Source of classification or shelving scheme | Damaged status | Not for loan | Collection code | Home library | Current library | Shelving location | Date acquired | Cost, normal purchase price | Total Checkouts | Full call number | Barcode | Date last seen | Cost, replacement price | Price effective from | item type | Date last checked out |
|---|---|---|---|---|---|---|---|---|---|---|---|---|---|---|---|---|---|---|
| Dewey Decimal Classification | 900: History & Geography | ERMELO REGIONAL LIBRARY | Driefontein Public Library | General Stacks | 12.06.2025 | 250.90 | J 920 MUGA | 33228031099699 | 12.06.2025 | 12.06.2025 | Book | |||||||
| Dewey Decimal Classification | 900: History & Geography | Ethandukukhanya Public Library | Ethandukukhanya Public Library | General Stacks | 26.11.2024 | 250.90 | J 920 MUGA | 3322803174192 | 23.05.2025 | 250.90 | 26.11.2024 | Book | ||||||
| Dewey Decimal Classification | 900: History & Geography | Standerton Regional Library | Leandra | Children's Area | 20.02.2026 | J 920 MUGA | 3228200035633 | 20.02.2026 | 20.02.2026 | Book | ||||||||
| Dewey Decimal Classification | LYDENBURG REGIONAL LIBRARY | MP Stream | 30.01.2025 | 2 | J 920 MUGA | 33228031103213 | 04.05.2026 | 30.01.2025 | Book | 21.04.2026 | ||||||||
| Dewey Decimal Classification | 900: History & Geography | MBOMBELA REGIONAL LIBRARY | Masoyi | General Stacks | 29.10.2025 | 250.90 | J 920 MUGA | 3228200051918 | 29.10.2025 | 29.10.2025 | Book | |||||||
| Dewey Decimal Classification | 900: History & Geography | Standerton Regional Library | Milan Park | Children's Area | 20.02.2026 | J 920 MOTS | 3228200035609 | 20.02.2026 | 20.02.2026 | Book | ||||||||
| Dewey Decimal Classification | 900: History & Geography | Standerton Regional Library | Morgenzon | Children's Area | 20.02.2026 | J 920 MUGA | 3228200035671 | 20.02.2026 | 20.02.2026 | Book | ||||||||
| Dewey Decimal Classification | 900: History & Geography | Standerton Regional Library | Perdekop Public Library | Children's Area | 20.02.2026 | J 920 MOTS | 3228200035685 | 20.02.2026 | 20.02.2026 | Book | ||||||||
| Dewey Decimal Classification | 900: History & Geography | Standerton Regional Library | Sakhile public library | Children's Area | 20.02.2026 | J 920 MOTS | 3228200035781 | 20.02.2026 | 20.02.2026 | Book | ||||||||
| Dewey Decimal Classification | 900: History & Geography | Standerton Regional Library | Standerton Public Library | Children's Area | 20.02.2026 | J 920 MOTS | 3228200035628 | 20.02.2026 | 20.02.2026 | Book | ||||||||
| Dewey Decimal Classification | 900: History & Geography | Stanwest Public Library | Stanwest Public Library | General Stacks | 26.11.2024 | 250.90 | J 920 MUGA | 33228031154169 | 26.11.2024 | 250.90 | 26.11.2024 | Book | ||||||
| Dewey Decimal Classification | 900: History & Geography | Stanwest Public Library | Stanwest Public Library | General Stacks | 26.11.2024 | 250.90 | J 920 MUGA | 33228031154178 | 26.11.2024 | 250.90 | 26.11.2024 | Book | ||||||
| Dewey Decimal Classification | 900: History & Geography | Standerton Regional Library | Thuthukani | Children's Area | 20.02.2026 | J 920 MOTS | 3228200035766 | 20.02.2026 | 20.02.2026 | Book | ||||||||
| Dewey Decimal Classification | 900: History & Geography | Standerton Regional Library | Trichardt | Children's Area | 20.02.2026 | J 920 MOTS | 3228200035624 | 20.02.2026 | 20.02.2026 | Book |